Current Issues in Nursing (Record no. 157596)
[ view plain ]
| 000 -LEADER | |
|---|---|
| fixed length control field | 00348nam a2200133Ia 4500 |
| 008 - FIXED-LENGTH DATA ELEMENTS--GENERAL INFORMATION | |
| fixed length control field | 230411s9999 xx 000 0 und d |
| 041 ## - LANGUAGE CODE | |
| Language code of text/sound track or separate title | eng |
| 082 ## - DEWEY DECIMAL CLASSIFICATION NUMBER | |
| Classification number | F/610.730 1/COW/B07473 |
| 100 ## - MAIN ENTRY--PERSONAL NAME | |
| Personal name | Cowen Perle |
| 9 (RLIN) | 179588 |
| 245 ## - TITLE STATEMENT | |
| Title | Current Issues in Nursing |
| 260 ## - PUBLICATION, DISTRIBUTION, ETC. (IMPRINT) | |
| Name of publisher, distributor, etc. | Mosby Elsevier |
| Place of publication, distribution, etc. | St Louis |
| Date of publication, distribution, etc. | 2011 |
| 300 ## - PHYSICAL DESCRIPTION | |
| Extent | 838p |
| Withdrawn status | Lost status | Damaged status | Not for loan | Collection code | Home library | Current library | Date acquired | Vendor | Cost, normal purchase price | Bill number | Full call number | Barcode | Date last seen | Cost, replacement price | Bill Date | Koha item type | Original Barcode |
|---|---|---|---|---|---|---|---|---|---|---|---|---|---|---|---|---|---|
| Reference | Smt. Bakul Tambat Institute of Nursing Education | Smt. Bakul Tambat Institute of Nursing Education | 20/03/2013 | B.J.Medical Co-oprative College Stores | 3909.47 | 5530 | F 610.730 1 COW B07473 | BTIN-BK-7473 | 11/04/2023 | 2541.01 | 20/03/2013 | Books | B07473 |